|
|
|
|
| LEADER |
00658nam a2200193 a 4500 |
| 001 |
000579138 |
| 003 |
CZ BrMZK |
| 005 |
20011123071510.0 |
| 008 |
010825s1914 xr f cze d |
| 040 |
|
|
|a BOA001
|b cze
|
| 100 |
1 |
|
|a Jansa, Václav,
|d 1859-1913
|7 jk01051134
|4 ill
|
| 245 |
1 |
0 |
|a Památky starého umění v Čechách /
|c dle akvarelů Václava Jansy ; [slovní doprovod] Karel B. Mádl
|
| 260 |
|
|
|a Praha :
|b J. Otto,
|c [ca 1914]
|
| 300 |
|
|
|a 37 kašír. bar. obr., 38 s. textu
|
| 700 |
1 |
|
|a Mádl, Karel Boromejský,
|d 1859-1932
|7 jk01072850
|4 aut
|
| 910 |
|
|
|a BOA001
|b PK-M-0000.073
|
| 964 |
|
|
|a Památky stavitelské - Čechy - popisy
|
| 990 |
|
|
|a BK
|
| 993 |
|
|
|a Y
|